Predpoklady úspešnosti a zlyhania riadenia projektov

Projektový manažment a jeho využívanie v organizáciách. Osobnostné predpoklady a schopnosť viesť ľudí tak, aby sa projekt vyvíjal správnym smerom. Predpokladom úspechu sú nielen skúsenosti, ale aj dobré znalosti z viacerých vedných oborov.

Na minha lista:
Detalhes bibliográficos
Autor principal: Jurkovičová, Lujza
Formato: Capítulo de Livro
Idioma:eslovaco
Assuntos:
Tags: Adicionar Tag
Sem tags, seja o primeiro a adicionar uma tag!

MARC

LEADER 00000nla a2200000 4500
001 0178917
005 20240502073035.3
041 0 |a slo 
044 |a SK 
245 1 0 |a Predpoklady úspešnosti a zlyhania riadenia projektov  |c Lujza Jurkovičová 
520 |a Projektový manažment a jeho využívanie v organizáciách. Osobnostné predpoklady a schopnosť viesť ľudí tak, aby sa projekt vyvíjal správnym smerom. Predpokladom úspechu sú nielen skúsenosti, ale aj dobré znalosti z viacerých vedných oborov. 
610 2 0 |a manažment 
610 2 0 |a manažéri 
610 2 0 |a riadenie projektové 
610 2 0 |a vedenie ľudí 
610 2 0 |a kompetencie manažérske 
610 2 0 |a tímy pracovné 
610 2 0 |a projekty 
100 1 |a Jurkovičová, Lujza